Les Simpson - Vrai ou Faux (7) - Statistiques

Statistiques générales
  • Ce quiz a été pris 57 fois
  • Le résultat moyen est 14 sur 20
Statistiques - réponses
Question Réponse % Correct
L'orphelin que Lisa a parrainé au Brésil s'appelle Rodrigo Faux
100%
Lisa a donné des cours de chants aux enfants d'Apu et de Manjula Faux
100%
Kent Brockman a dit des gros mots pendant une émission mais il n'y a pas eu de conséquence car personne ne l'a regardée Faux
100%
Homer a été arbitre pour la coupe du monde de football Vrai
100%
Marge a posé pour un calendrier "pornographique" contre son gré Vrai
100%
Le fils de Gros Tony s'appelle Michael Vrai
100%
Homer est devenu vendeur de matelas après s'être endormi dans une boutique de matelas Vrai
100%
Lorsque Marge triche à un concours culinaire, elle empoisonne le plat des concurrents avec un flacon de gouttes pour les yeux de Maggie Faux
67%
Lenny est le parrain de Maggie Faux
67%
Les Simpson sont allés visiter le Mont Rushmore avec les Flanders Faux
67%
Lorsque Homer est menotté à Bart suite à une décision de la juge, c'est Marge qui finit par couper la corde entre eux Vrai
67%
Homer n'a jamais eu la varicelle étant enfant Vrai
67%
Ned Flanders a envoyé Gros Tony en prison Vrai
67%
Homer s'est fait une hernie inguinale en voulant porter Marge dans les escaliers Vrai
67%
Homer était surveillant technique avant de devenir responsable de la sécurité à la centrale Vrai
67%
Homer a gagné un million de dollars à la loterie Vrai
67%
Le traitement de Bart à base de Focusyn fait suite à sa blague ayant causé la destruction de la ville à l'aide de mégaphones Faux
33%
Bart a eu le virus du koala à cause d'un moustique venant de Chine enfermé dans son jouet au Krusty Burger Faux
33%
Pour dédommager les Simpson d'avoir renversé Bart, Burns a proposé un chèque de 50$ Faux
33%
Bart a acheté une femme pour Moe sur le Dark Net Vrai
33%
Aucun quiz correspondant
Distribution des résultats
% des personnes avec chaque résultat
Percentile par nombre de réponses
Votre historique - résultats
Vous n’avez pas pris ce quiz